00818nam a2200253 a 450000100060000000300080000600500170001400800410003103500190007204000290009104100080012008200250012810000410015324500280019426000500022230000210027250400310029365000210032465000260034565000280037194200120039999900170041195201360042846547BD-RjUL20211209054152.0160803s1965 nyu b 000 0 eng  a(BD-RjUL)46666 aDLCcOTifHdBD-RjULbeng aeng a323.01223bGIO 19651 aGinsberg, Morrisd1889-1970.914199210aOn justice in society / aIthaca, N.Y.,bCornell University Pressc1965 a248 p. ;c23 cm. aBibliographical footnotes. 0aJustice.9141993 0aCivil rights.9141994 0aLaw and ethics.9139970 2ddccBK c46547d46547 00102ddc40708NFICaRUCLbRUCLcE-Booksd1990-10-29eShaukat dhakal0o323.01 GIO 1965r2016-08-03 00:00:00tC-2w2021-12-09yBK